[Event "SVK Extraliga 2019-20"]
[Site "Slovakia"]
[Date "2020.09.05"]
[Round "10.2"]
[White "Plat, Vojtech"]
[Black "Matuszewski, Michal"]
[Result "1-0"]
[WhiteElo "2566"]
[BlackElo "2508"]
[Annotator "TA"]
[PlyCount "71"]
[EventDate "2019.10.19"]
[EventType "team-tourn"]
[EventCountry "SVK"]
[SourceTitle "playchess.com"]
[Source "ChessBase"]
[SourceQuality "1"]
[WhiteTeam "Modra"]

{[%evp 12,71,22,12,19,6,9,6,6,11,19,0,16,7,15,10,21,17,10,-2,0,0,8,0,79,26,33,0,0,0,92,95,141,144,140,136,143,162,145,152,157,158,161,168,145,149,168,163,151,143,180,175,264,292,496,485,581,553,1033,1061,996,954]} 1. d4 d5 2. c4 c6 3. Nc3 Nf6 4. cxd5 cxd5 5. Bf4 Nc6 6. e3 a6 {6...Bf5 might become the main line. Played by Vladislav Artemiev in June 2020.} 7. Rc1 Bg4 {D10: Slav Defence: 3 cxd5 (without early Nf3) and 3 Nc3.} 8. f3 Bh5 9. g4 Bg6 {The position is equal.} 10. h4 {h5 is the strong threat.} h6 11. Nge2 e6 12. Kf2 Be7 13. Bg3 Nd7 14. Nf4 Bh7 {[#]} 15. a3 $146 ({Predecessor:} 15. Be2 Nb6 16. Na4 Nxa4 17. Qxa4 Qb6 18. Bd3 Bxd3 19. Nxd3 O-O 20. Qc2 Rac8 21. Qe2 {½-½ (41) Cherednichenko,D (1902)-Ioffe,E (1991) Voronezh 2014}) 15... Rc8 16. Bd3 Bxd3 17. Qxd3 Na5 (17... Bd6 $11) 18. g5 ({White should try} 18. Ng6 $16 Rg8 19. Nxe7 Kxe7 20. e4) 18... Rc6 19. g6 (19. Nce2 $5 {[%cal Rc1c6]} hxg5 20. hxg5 Rxh1 21. Rxh1 $14) 19... O-O 20. Nce2 Rxc1 (20... Rb6 $11) 21. Rxc1 $16 {Black is now going downhill.} Bxh4 22. gxf7+ Rxf7 23. Nxe6 Qf6 24. Rc8+ Nf8 25. N2f4 Bxg3+ 26. Kxg3 Nc6 {[#]} 27. Qg6 $1 $40 {[%mdl 128] aiming for Re8. White has strong attack.} Ne7 28. Qxf6 Rxf6 {[#]} 29. Re8 $1 {[%cal Re8e7]} Nf5+ 30. Kf2 Nd6 31. Rd8 Nc4 (31... g5 {is a better defense.} 32. Nxf8 Rxf8 33. Rxd6 gxf4 34. exf4 (34. Rxd5 Rc8 $16) 34... Kh7 35. Rd7+ (35. Rxd5 Rxf4 36. Rd7+ Kg6 $18) 35... Kg6) 32. Nc5 $18 g5 $2 (32... Kh7 33. Nxd5 Rf7) 33. Nxd5 {White is clearly winning.} Rd6 {[#]} 34. Nd7 $1 {[%mdl 576] Pin} b5 (34... Rxd7 35. Nf6+) 35. Rxf8+ Kg7 36. N5f6 {Accuracy: White = 90%, Black = 59%.} 1-0

[Event "SVK Extraliga 2019-20"]
[Site "Slovakia"]
[Date "2020.09.05"]
[Round "10.2"]
[White "Polak, Tomas"]
[Black "Tazbir, Marcin"]
[Result "1/2-1/2"]
[WhiteElo "2563"]
[BlackElo "2510"]
[Annotator "TA"]
[PlyCount "42"]
[EventDate "2019.10.19"]
[EventType "team-tourn"]
[EventCountry "SVK"]
[SourceTitle "playchess.com"]
[Source "ChessBase"]
[SourceQuality "1"]
[WhiteTeam "Podhajska"]
[BlackTeam "Dunajov"]

{[%evp 18,42,33,28,24,0,39,39,21,21,19,14,41,43,45,18,19,-1,31,15,34,43,26,10,19,21,25]} 1. d4 Nf6 2. c4 e6 3. Nf3 b6 4. g3 Ba6 5. b3 Bb4+ 6. Bd2 Be7 7. Nc3 d5 8. cxd5 exd5 9. Bg2 O-O 10. O-O Nbd7 {E15: Queen's Indian: 4 g3 sidelines, 4 g3 Ba6 and 4 g3 Bb7 early deviations.} 11. Nh4 {11.Qc2 is the modern continuation.} Bb7 12. Nf5 {[#]} Re8 $146 {White is slightly better.} ({Predecessor:} 12... Ne4 13. Nxe4 dxe4 14. Bf4 Bf6 15. Qc2 g6 16. Nh6+ Kg7 17. Bxe4 Bxe4 18. Qxe4 Re8 19. Qd5 Qe7 20. Ng4 Qxe2 21. Qxd7 Rad8 22. Bh6+ {1-0 (22) Garzon Sanchez,J (2225)-Mestres Pamies,X (2065) Barcelona 1998}) 13. Nxe7+ Qxe7 14. Rc1 a6 15. Re1 h6 16. Bf4 Rac8 17. Qd3 Qe6 18. b4 g5 19. Bd2 Ne4 20. f3 Nxd2 21. Qxd2 c5 {Accuracy: White = 89%, Black = 71%.} 1/2-1/2

[Event "SVK Extraliga 2019-20"]
[Site "Slovakia"]
[Date "2020.09.05"]
[Round "10.2"]
[White "Nemeth, Miklos"]
[Black "Pechac, Jergus"]
[Result "1/2-1/2"]
[WhiteElo "2486"]
[BlackElo "2516"]
[Annotator "TA"]
[PlyCount "110"]
[EventDate "2019.10.19"]
[EventType "team-tourn"]
[EventCountry "SVK"]
[SourceTitle "playchess.com"]
[Source "ChessBase"]
[SourceQuality "1"]
[WhiteTeam "Streda"]
[BlackTeam "Zilina"]

{[%evp 14,110,18,-12,0,-3,7,0,0,-12,-10,-24,-30,-18,-20,-45,-31,-56,-47,-39,-46,-35,-10,-14,-3,-31,0,0,0,0,0,0,0,0,0,-4,0,0,38,28,53,0,0,0,0,0,0,0,0,0,0,0,0,0,75,0,155,152,140,148,143,154,211,197,185,185,290,252,374,311,372,367,364,347,470,-63,-56,-64,-72,-87,-43,-43,-43,-43,-43,-43,-42,-42,-42,-85,-80,-80,-42,-42,-42,-42,-42,-42,0]} 1. e4 e5 2. Nf3 Nc6 3. Bc4 Bc5 4. O-O Nf6 5. d3 a6 6. a4 d6 7. c3 O-O 8. Be3 (8. Re1 {keeps more tension.} Ba7 9. Nbd2 Nh5 10. Nf1 Be6 11. Bg5) 8... Bxe3 {C54: Giuoco Piano: 4 c3 Nf6, main lines with 5 d4 and 5 d3.} 9. fxe3 Ne7 10. Nbd2 c6 {The position is equal.} 11. Ba2 Ng6 12. Qe2 d5 13. exd5 cxd5 14. Kh1 {[#]} Re8 $146 ({Predecessor:} 14... Bg4 15. Qf2 Qb6 16. b4 Rad8 17. Rac1 Bf5 18. Nxe5 Nxe5 19. Qxf5 Qxe3 20. Nb3 Nxd3 {0-1 (58) Boricha,K (2211)-Sahoo,U (2004) Mumbai 2008}) 15. Ne1 Qb6 16. Bb3 a5 17. Nc2 Qa6 18. Rae1 Bd7 19. c4 dxc4 (19... Ne7 {seems wilder.} 20. Na3 Rad8 21. Qf2 Bf5 22. e4 dxe4 23. Nxe4 Nxe4 24. dxe4 Be6) 20. Bxc4 b5 21. axb5 Bxb5 22. Na3 Bxc4 23. Naxc4 a4 24. Ra1 Qe6 25. Ra3 h5 26. Rfa1 Qc6 27. Qf3 ({White should try} 27. h3 $14) 27... e4 $11 28. dxe4 Ne5 29. Nxe5 Rxe5 30. b3 Qc3 31. Nf1 Nxe4 32. bxa4 Qc5 33. a5 Rae8 (33... Ra6 $11) 34. Ra4 (34. Kg1 $1 $16) 34... Qb5 $2 (34... Qc8 $11) 35. a6 $16 {aiming for a7.} Rf5 {[#]} 36. Rb4 $1 {[%cal Rb4b5]} ({And not} 36. Rxe4 Rxf3 37. Rxe8+ (37. gxf3 $2 {loses.} Rxe4 38. fxe4 Qb2 $19) 37... Qxe8 $17) 36... Qd7 {[#]} 37. Qe2 $1 {Strongly threatening a7.} ({Worse is} 37. Rxe4 Rxf3 38. gxf3 Ra8 $11) 37... Nc3 (37... Qe7 $16 {is a better defense.} 38. Rd4 Qa7) 38. Qc4 Rc8 39. Qb3 h4 (39... Nb5 $142 40. Kg1 Kh7) 40. Rxh4 Qd3 (40... Qb5 {was necessary.} 41. Qxb5 Rxb5) 41. Rf4 Rxf4 42. exf4 Qd4 {And now ...Ne4 would win.} 43. Qb2 {Hoping for a7.} Qd3 {White should prevent ...Nd1.} 44. a7 $2 (44. Qb7 $18 Rf8 45. a7) 44... Nd1 $15 45. Rxd1 $1 Qxd1 {[%cal Rd1f1][%mdl 4096] Endgame KQR-KQN} 46. Kg1 Ra8 (46... Qd7 {feels hotter.} 47. Qb6 Kh7 48. Qe3 Qb7 49. h3 Ra8) 47. Qb8+ $1 Qd8 48. Qxd8+ Rxd8 {KR-KN} 49. Kf2 Ra8 50. Ne3 Rxa7 51. Kf3 Kf8 52. h4 Ke7 53. h5 {Black is slightly better.} Ra3 54. Ke4 Ra4+ 55. Kf3 $1 Ra3 {Blacks defense is rewarded with a draw. Accuracy: White = 83%, Black = 59%.} 1/2-1/2

[Event "SVK Extraliga 2019-20"]
[Site "Slovakia"]
[Date "2020.09.05"]
[Round "10.2"]
[White "Malinovsky, Karel"]
[Black "Nayhebaver, Martin"]
[Result "1/2-1/2"]
[WhiteElo "2474"]
[BlackElo "2476"]
[Annotator "TA"]
[PlyCount "33"]
[EventDate "2019.10.19"]
[EventType "team-tourn"]
[EventCountry "SVK"]
[SourceTitle "playchess.com"]
[Source "ChessBase"]
[SourceQuality "1"]
[BlackTeam "Zilina"]

{[%evp 12,33,13,25,32,20,31,17,25,23,26,17,16,20,21,4,27,35,27,30,46,0,12,0]} 1. e4 c5 2. Nf3 d6 3. d4 cxd4 4. Nxd4 Nf6 5. Nc3 {[%cal Bb1c3,Bc3d5,Bd5f6][%mdl 32]} a6 6. h3 e5 7. Nde2 h5 {B90: Sicilian Najdorf: Unusual White 6th moves, 6 Be3 Ng4 and 6 Be3 e5.} 8. Bg5 Be6 9. Bxf6 Qxf6 10. Nd5 Qd8 11. Qd3 Nd7 12. O-O-O Nc5 13. Qf3 {[#]} g6 $146 (13... Bxd5 $5 14. Rxd5 Be7 $11) ({Predecessor:} 13... b5 14. h4 Rb8 15. g3 Qc8 16. Kb1 b4 17. Qe3 a5 18. Nc1 g6 19. Nf6+ Ke7 {1-0 (64) Dominguez Perez,L (2739)-Vachier Lagrave,M (2779) chess.com INT 2018}) 14. Nf6+ Ke7 15. Nd5+ Ke8 16. Nf6+ Ke7 17. Nd5+ {Accuracy: White = 91%, Black = 100%.} 1/2-1/2

[Event "SVK Extraliga 2019-20"]
[Site "Slovakia"]
[Date "2020.09.05"]
[Round "10.2"]
[White "Macko, Miroslav"]
[Black "Kriebel, Tadeas"]
[Result "0-1"]
[WhiteElo "2277"]
[BlackElo "2519"]
[Annotator "TA"]
[PlyCount "98"]
[EventDate "2019.10.19"]
[EventType "team-tourn"]
[EventCountry "SVK"]
[SourceTitle "playchess.com"]
[Source "ChessBase"]
[SourceQuality "1"]
[BlackTeam "Snina"]

{[%evp 11,98,-8,-11,-15,0,0,19,18,32,40,62,52,122,103,93,87,93,93,95,80,81,93,113,80,97,110,102,97,120,100,111,101,98,112,103,112,115,-54,-63,-76,-81,-90,-77,-67,-80,-106,-108,-108,-108,-113,-100,-132,-132,-175,-175,-174,-173,-168,-126,-127,-127,-139,-126,-164,-166,-171,-166,-252,-249,-278,-264,-366,-343,-29965,-29962,-926,-6019,-29977,-29978,-29978,-29979,-29978,-29979,-29979,-29979,-29979,-29980,-29980,-29981]} 1. e4 c5 2. Nc3 e6 3. g3 d5 4. d3 Nc6 5. Bg2 Nf6 6. f4 d4 7. Nce2 {B24: Closed Sicilian: 3 g3 sidelines.} h5 8. h3 e5 9. Nf3 {The position is equal.} Bd6 10. O-O Bd7 11. c3 Qc8 ({Black should try} 11... Qb6 $14) 12. cxd4 cxd4 13. fxe5 Nxe5 14. Nxe5 Bxe5 15. Bf4 Qb8 16. Rc1 {[#] Hoping for Rc5.} b6 $146 ({Predecessor:} 16... Qd6 17. Qb3 O-O 18. Qxb7 Rab8 19. Qxa7 Rxb2 20. Bxe5 Qxe5 21. Qxd4 Qxd4+ 22. Nxd4 Rxa2 {1-0 (52) Maljush,A (2343)-Mazurkiewicz,M (2174) Barlinek 2007}) 17. Qd2 O-O 18. Bxe5 Qxe5 19. Qf4 Rfe8 20. Qxe5 Rxe5 21. Nxd4 Rd8 22. Rc3 Rg5 23. Ne2 Bb5 24. Kf2 $2 ({Better is} 24. h4 $16 Rc5 25. Nf4) 24... Rxd3 $15 25. Rxd3 Bxd3 26. Rc1 Bxe4 27. Rc8+ Kh7 28. Rc7 Rf5+ 29. Kg1 Bxg2 30. Kxg2 $17 {[%mdl 4096] Endgame KRN-KRN} Ne4 {Threatens to win with ...Rf2+.} 31. Nc3 Nxc3 32. Rxc3 {KR-KR} Ra5 33. a3 Rc5 $1 34. Rb3 Kg6 35. Kf3 Kf6 36. Rb4 Ke6 37. Ra4 a5 38. Re4+ Re5 39. Rc4 {[#]} (39. Rd4 $142) 39... Rf5+ $1 $19 40. Ke4 {[#]} Rc5 $1 {[%cal Rc5c4]} 41. Ra4 Rc2 42. b4 $2 (42. Kd3 $19 Rxb2 43. Re4+ Kd5 44. Rd4+ Kc5 45. Rc4+ Kb5 46. a4+ Ka6 47. Ke3) 42... Rc4+ 43. Kd3 Kd5 44. Ke3 g5 {Black mates.} 45. Kd3 f5 46. Ke3 h4 47. gxh4 Rxh4 48. Kf2 Rc4 49. Ke3 Kc6 {Accuracy: White = 62%, Black = 92%.} 0-1

[Event "SVK Extraliga 2019-20"]
[Site "Slovakia"]
[Date "2020.09.05"]
[Round "10.3"]
[White "Zilka, Stepan"]
[Black "Motuz, Karol"]
[Result "1-0"]
[WhiteElo "2564"]
[BlackElo "2348"]
[Annotator "TA"]
[PlyCount "103"]
[EventDate "2019.10.19"]
[EventType "team-tourn"]
[EventCountry "SVK"]
[SourceTitle "playchess.com"]
[Source "ChessBase"]
[SourceQuality "1"]
[WhiteTeam "Prakovce"]
[BlackTeam "Dubnica"]

{[%evp 23,103,4,10,0,6,-5,-8,-13,-15,-13,-11,-16,0,0,0,0,0,7,19,0,0,0,30,0,100,30,110,114,102,112,108,96,102,113,101,93,133,69,75,75,93,93,130,130,133,131,170,170,239,231,247,208,305,288,350,351,346,242,201,255,293,269,369,656,639,593,463,418,740,606,719,708,696,668,682,732,2036,2034,1782,1600,29967,6287]} 1. d4 e6 2. c4 f5 3. g3 Nf6 4. Bg2 c6 5. Nf3 d5 6. O-O Bd6 7. b3 Qe7 8. a4 a5 9. Ba3 Bxa3 10. Nxa3 Nbd7 11. Qc2 Ne4 12. Ne1 O-O 13. f3 {[#] A90: Dutch Defence: Miscellaneous and Modern Stonewall (with ...Bd6).} Nef6 $146 ({Predecessor:} 13... Nd6 14. Nd3 Nf6 15. Nb1 Bd7 16. Nd2 Be8 17. Rae1 Bg6 18. Ne5 Nf7 19. Nxg6 hxg6 20. e4 Qb4 {0-1 (33) Batyrov,S (2456)-Hollermann,T (2295) Datteln 2002}) 14. f4 b6 15. Nd3 {The position is equal.} Ba6 16. Rfc1 Rac8 17. e3 c5 18. Nb5 Rfd8 19. Qb2 cxd4 20. exd4 Ne4 21. cxd5 exd5 22. Bf1 h6 23. b4 {[%cal Bb3b4,Bb4b5][%mdl 32]} Nd6 (23... Rc4 $11) 24. Re1 ({White should play} 24. bxa5 $16 {And now Rxc8 would win.} Qe3+ 25. Nf2 Rxc1 26. Qxc1 Qxc1 27. Rxc1 Bxb5 28. axb5 (28. Bxb5 Nxb5 29. axb5 bxa5 $14) 28... bxa5 29. Rc6) 24... Qf8 (24... Ne4 $11 {keeps the balance.}) 25. Nxd6 $1 $16 Qxd6 26. b5 Bb7 27. Bh3 Rf8 28. Ne5 Rc7 29. Qe2 $36 {[%mdl 2048] White is really pushing.} Bc8 30. Nxd7 (30. Nc6 $1 $16 {[%cal Rc6e7]} Nf6 31. Ne7+ {[%mdl 64] Double Attack} Kf7 32. Nxc8 (32. Nxf5 Bxf5 33. Bxf5 Re8 $16) 32... Rfxc8 33. Bxf5) 30... Bxd7 $14 {[#]} 31. Qe5 $1 {[%cal Re5d6]} Rf6 32. Bg2 {Strongly threatening Rac1.} Kf8 33. Bxd5 Rc8 34. Bb7 Rb8 35. Bf3 Re8 {[#]} (35... Rc8 $142 36. Rac1 Re8) 36. Qxd6+ $1 $18 Rxd6 37. d5 Rc8 (37... g5 {might work better.} 38. Kf2 g4) 38. Rac1 Rxc1 39. Rxc1 {[%mdl 4096] Endgame KRB-KRB} Be8 40. Re1 Bf7 41. Re5 g6 42. h4 h5 43. Kf2 $2 (43. Kf1 Rd7 44. Ke2) 43... Rd7 44. Ke3 Rc7 {intending ...Rc3+.} 45. Kd4 Rc2 (45... Kg7 $142 46. Be2 Rd7) 46. Re2 Rc5 47. Re3 Rc8 48. Bd1 Rc1 49. Bb3 Rc5 50. Rc3 Rxc3 51. Kxc3 Kg7 52. d6 {Accuracy: White = 82%, Black = 49%.} 1-0

[Event "SVK Extraliga 2019-20"]
[Site "Slovakia"]
[Date "2020.09.05"]
[Round "10.3"]
[White "Bernasek, Jan"]
[Black "Bokros, Albert"]
[Result "1-0"]
[WhiteElo "2494"]
[BlackElo "2483"]
[Annotator "RC"]
[PlyCount "105"]
[EventDate "2019.10.19"]
[EventType "team-tourn"]
[EventCountry "SVK"]
[SourceTitle "playchess.com"]
[Source "ChessBase"]
[SourceQuality "1"]
[BlackTeam "Streda"]
[TimeControl "40/5400+30:1800+30"]

1. Nf3 {[%emt 0:01:18]} d5 {[%emt 0:00:00]} 2. e3 {[%emt 0:00:05]} Nf6 {[%emt 0:00:00]} 3. c4 {[%emt 0:00:07]} e6 {[%emt 0:00:07]} 4. b3 {[%emt 0:01:02]} Be7 {[%emt 0:00:19]} 5. Bb2 {[%emt 0:00:29]} O-O {[%emt 0:00:18]} 6. Be2 {[%emt 0:02:40]} b6 {[%emt 0:00:56]} 7. O-O {[%emt 0:00:34]} Bb7 {[%emt 0:07:19]} 8. d4 {[%emt 0:00:26]} Nbd7 {[%emt 0:01:38]} 9. Nbd2 {[%emt 0:02:01]} c5 {[%emt 0:06:41]} 10. Rc1 {[%emt 0:03:03]} cxd4 {[%emt 0:02:09]} 11. Nxd4 {[%emt 0:00:47]} Rc8 {[%emt 0:01:15]} 12. N2f3 {[%emt 0:02:04]} a6 {[%emt 0:03:42]} 13. a4 {[%emt 0:09:04]} Bb4 {[%emt 0:04:02]} 14. cxd5 {[%emt 0:05:52]} Nxd5 {[%emt 0:01:21]} 15. Bc4 {[%emt 0:01:25]} Nc5 {[%emt 0:04:14]} 16. Nc2 {[%emt 0:06:13]} Bc3 {[%emt 0:08:45]} 17. Ba3 {[%emt 0:00:14]} a5 {[%emt 0:02:27]} 18. Qe2 {[%emt 0:03:25]} Qf6 {[%emt 0:13:50]} 19. Ncd4 {[%emt 0:04:32]} Bb4 {[%emt 0:03:56]} 20. Bb2 {[%emt 0:01:18]} Qg6 {[%emt 0:01:51]} 21. Rfd1 {[%emt 0:06:47]} Rfd8 {[%emt 0:01:45]} 22. Ne5 {[%emt 0:12:14]} Nf4 {[%emt 0:07:58]} 23. Nxg6 {[%emt 0:11:07]} Nxe2+ {[%emt 0:00:39]} 24. Nxe2 {[%emt 0:01:20]} hxg6 {[%emt 0:00:58]} 25. Nd4 {[%emt 0:01:23]} Bd5 {[%emt 0:06:03]} 26. Bxd5 {[%emt 0:04:38]} Rxd5 {[%emt 0:00:52]} 27. f4 {[%emt 0:00:12]} Rcd8 {[%emt 0:06:02]} 28. Rc2 {[%emt 0:12:51]} Nxb3 {[%emt 0:04:41]} 29. Rb1 {[%emt 0:00:07]} Nd2 {[%emt 0:02:29]} 30. Ra1 {[%emt 0:03:31]} Ne4 {[%emt 0:00:28]} 31. Kf1 {[%emt 0:00:06]} g5 {[%emt 0:01:09]} 32. Nc6 {[%emt 0:03:30]} Rd1+ {[%emt 0:03:32]} 33. Rxd1 {[%emt 0:00:05]} Rxd1+ {[%emt 0:00:07]} 34. Ke2 {[%emt 0:00:00]} Re1+ {[%emt 0:01:02]} 35. Kf3 {[%emt 0:00:10]} f5 {[%emt 0:01:04]} 36. fxg5 {[%emt 0:00:56]} Rf1+ {[%emt 0:03:37]} 37. Ke2 {[%emt 0:00:05]} Re1+ {[%emt 0:00:35]} 38. Kf3 {[%emt 0:00:01]} Bd6 {[%emt 0:00:22]} 39. h4 {[%emt 0:00:44]} Bc5 {[%emt 0:00:39]} 40. Bd4 {[%emt 0:00:50]} Rh1 {[%emt 0:00:35]} 41. g3 {[%emt 0:10:28]} Rg1 {[%emt 0:02:53]} 42. Bxc5 {[%emt 0:07:09]} Rxg3+ {[%emt 0:02:21]} 43. Kf4 {[%emt 0:00:05]} Rg4+ {[%emt 0:00:17]} 44. Ke5 {[%emt 0:00:04]} Nxc5 {[%emt 0:00:30]} 45. Kd6 {[%emt 0:02:30]} Kh7 {[%emt 0:07:15]} 46. Ke7 {[%emt 0:03:37]} Rxa4 {[%emt 0:07:05]} 47. h5 {[%emt 0:02:31]} f4 {[%emt 0:04:04]} 48. g6+ {[%emt 0:02:49]} Kh6 {[%emt 0:00:24]} 49. Rh2 {[%emt 0:00:36]} Nd3 {[%emt 0:08:57]} 50. Nd8 {[%emt 0:01:01]} Kg5 {[%emt 0:00:07]} 51. h6 {[%emt 0:00:25]} Ne5 {[%emt 0:01:19]} 52. hxg7 {[%emt 0:00:15]} Nxg6+ {[%emt 0:00:05]} 53. Ke8 {[%emt 0:00:16]} 1-0

[Event "SVK Extraliga 2019-20"]
[Site "Slovakia"]
[Date "2020.09.05"]
[Round "10.3"]
[White "Smolen, Jan"]
[Black "Chovan, Milan"]
[Result "1/2-1/2"]
[WhiteElo "2420"]
[BlackElo "2328"]
[Annotator "TA"]
[PlyCount "118"]
[EventDate "2019.10.19"]
[EventType "team-tourn"]
[EventCountry "SVK"]
[SourceTitle "playchess.com"]
[Source "ChessBase"]
[SourceQuality "1"]
[BlackTeam "Podhajska"]

{[%evp 11,118,19,22,-6,8,-5,23,6,18,14,6,4,9,0,0,0,7,0,14,6,19,5,15,0,0,0,0,-3,20,8,41,31,30,16,25,29,21,16,87,0,40,27,52,0,20,0,0,0,0,0,0,0,0,0,0,0,0,0,0,0,0,0,0,0,0,0,0,0,0,0,0,0,0,0,0,0,0,0,0,0,10,0,0,0,0,0,0,0,0,0,0,0,0,0,0,0,0,0,10,0,0,0,0,0,0,0,0,0,0]} 1. c4 c5 2. Nc3 Nf6 3. g3 d5 4. cxd5 Nxd5 5. Bg2 Nc7 6. b3 e5 7. Ba3 {has lost popularity (7.Bb2). A34: Symmetrical English: 2 Nc3, lines with ...d5.} Be7 8. Rc1 Nd7 9. e3 {White has an edge.} O-O 10. Nge2 Rb8 11. O-O b5 {[#] Strongly threatening ...b4.} 12. Bb2 Bb7 13. Bxb7 Rxb7 {[#]} 14. f4 $146 ({Predecessor:} 14. d4 Qa8 15. dxc5 Nxc5 16. Nd5 Nxd5 17. Qxd5 Rd7 18. Qxe5 Ne6 19. Nf4 Bf6 20. Qxb5 {1-0 (30) Ubilava,E (2540)-Izeta Txabarri,F (2475) Benasque 1998}) 14... exf4 15. Nxf4 Nf6 16. Qf3 Rb6 17. e4 Bd6 18. Nce2 {And now e5 would win.} Qe7 19. d3 Ra6 20. Rc2 Be5 21. Bxe5 Qxe5 22. Rfc1 Ne6 $1 23. Nxe6 Qxe6 24. Qe3 Nd7 {[#]} (24... c4 $11 {remains equal.}) 25. Nc3 (25. d4 $1 $16) 25... Rb6 26. Nd5 Rb7 27. Qf4 (27. b4 $14 cxb4 28. Rc6 (28. Nxb4 f5 $14)) 27... f5 {The position is equal.} 28. Ne3 {[%cal Re4f5]} (28. Re2 {with more complications.} c4 29. dxc4 Nc5 30. Qe3 Nxe4 31. Nf4) 28... fxe4 29. Qxe4 Qxe4 30. dxe4 Re8 31. Nf5 Re6 32. Rd1 a6 33. Rcd2 Nf8 34. Rd8 g6 35. Nd6 Rd7 36. Rxd7 Nxd7 37. Nxb5 axb5 38. Rxd7 Rxe4 $11 {[%mdl 4096] Endgame KR-KR} 39. Rd5 Re1+ 40. Kg2 Rc1 41. Kf3 b4 42. Rd2 Kg7 43. Ke4 h5 44. Kd5 Kh6 45. Kc6 c4 {White must now prevent ...cxb3+.} 46. bxc4 Rxc4+ 47. Kb5 Rg4 48. Rb2 h4 49. Rxb4 Rg5+ 50. Kb6 hxg3 51. hxg3 Rxg3 52. a4 g5 53. a5 Ra3 54. a6 (54. Kb5 {keeps more tension.} Kh5 55. Ra4 Rb3+ 56. Kc6 g4 57. Ra1) 54... Kh5 55. a7 Rxa7 56. Kxa7 g4 57. Kb6 {Hoping for Kc5.} g3 58. Kc5 {Kd4 would kill now.} g2 59. Rb1 Kg4 $1 {Accuracy: White = 95%, Black = 89%.} 1/2-1/2

[Event "SVK Extraliga 2019-20"]
[Site "Slovakia"]
[Date "2020.09.05"]
[Round "10.3"]
[White "Miesbauer, Jan"]
[Black "Kozak, Adam"]
[Result "1/2-1/2"]
[WhiteElo "2400"]
[BlackElo "2503"]
[Annotator "TA"]
[PlyCount "69"]
[EventDate "2019.10.19"]
[EventType "team-tourn"]
[EventCountry "SVK"]
[SourceTitle "playchess.com"]
[Source "ChessBase"]
[SourceQuality "1"]
[BlackTeam "Modra"]

{[%evp 20,69,26,7,2,6,1,2,21,-18,0,0,0,0,0,0,0,0,0,0,0,0,0,0,0,0,0,0,0,0,0,0,0,0,0,0,0,0,0,0,0,0,0,0,0,0,0,0,0,0,0,0]} 1. d4 Nf6 2. c4 e6 3. Nf3 b6 4. g3 Bb7 5. Bg2 Be7 6. O-O O-O 7. Nc3 Ne4 8. Qc2 Nxc3 9. Qxc3 c5 10. Rd1 d6 11. Qc2 {[#] Strongly threatening Ng5.} Nc6 {The position is equal. E19: Queen's Indian: Old Main Line with 7...Ne4 8 Qc2 Nxc3 8 Qxc3.} 12. Be3 Qc7 13. Rac1 Bf6 {[#]} 14. dxc5 $146 ({Predecessor:} 14. d5 exd5 15. cxd5 Nb4 16. Qb3 Qd7 17. a3 Nxd5 18. Rxd5 Bxd5 19. Qxd5 Bxb2 20. Rd1 {1-0 (57) Saydaliev,S (2373)-Davtyan,D (1907) Poti 2017}) 14... bxc5 15. Bg5 Nb4 16. Qd2 Bxg5 17. Nxg5 Bxg2 18. Kxg2 Qb7+ 19. f3 Nxa2 20. Ra1 Nb4 {[%cal Ba2b4,Bb4c2,Bc2e3][%mdl 32]} 21. Ne4 $1 ({But not} 21. Qxd6 h6 $17) 21... Qb6 22. Qxd6 Nc2 23. Qxb6 axb6 24. Rxa8 {[#] Threatens to win with Rdd8.} Ne3+ 25. Kg1 {aiming for Rdd8.} Rxa8 $11 {[%mdl 4096] Endgame KRN-KRN} 26. Rd7 Nxc4 27. Rb7 $1 Nxb2 {...Nc4 is the strong threat.} 28. Rxb6 Na4 29. Rc6 h6 30. Nxc5 Nc3 31. Nxe6 Nxe2+ 32. Kf2 fxe6 (32... Ra2 $5 33. Rc8+ $8 Kh7 34. Nf8+ Kg8 $11) 33. Kxe2 Ra2+ 34. Ke3 Rxh2 35. Rxe6 {A rather calm draw. Accuracy: White = 94%, Black = 100%.} 1/2-1/2

[Event "SVK Extraliga 2019-20"]
[Site "Slovakia"]
[Date "2020.09.05"]
[Round "10.3"]
[White "Pastir, Stanislav"]
[Black "Pacher, Milan"]
[Result "0-1"]
[WhiteElo "2133"]
[BlackElo "2400"]
[Annotator "TA"]
[PlyCount "42"]
[EventDate "2019.10.19"]
[EventType "team-tourn"]
[EventCountry "SVK"]
[SourceTitle "playchess.com"]
[Source "ChessBase"]
[SourceQuality "1"]
[WhiteTeam "Kosice"]
[BlackTeam "Slovan"]

{[%evp 9,42,5,6,2,3,0,6,-5,-10,-9,-2,-11,-6,-24,-5,-23,-15,-31,-19,-212,-205,-198,-191,-177,-50,-287,-290,-447,-430,-706,-666,-1428,-1390,-1363,-1106]} 1. e4 c6 2. Nc3 d5 3. Nf3 Nf6 4. d3 Bg4 5. h3 Bh5 6. g4 {B11: Caro-Kann: Two Knights Variation.} Bg6 {[%cal Rd5e4] [#]} 7. e5 $146 ({Predecessor:} 7. Bf4 e6 8. a3 Be7 9. Qe2 O-O 10. O-O-O c5 11. e5 Nfd7 12. h4 h6 13. h5 {1-0 (70) Wittich,C (864)-Reinbold,S (917) Magdeburg 2015}) 7... Nfd7 8. e6 {The position is equal.} fxe6 9. d4 e5 10. dxe5 e6 11. h4 Bb4 12. Ng5 Nxe5 13. f4 $1 {h5 is the strong threat.} d4 {[%mdl 64] [#] Pin} 14. Bd2 $2 (14. a3 $1 $11 {and White stays safe.} Qd5 15. Rh3 dxc3 16. axb4 Qxd1+ 17. Kxd1 Nxg4 18. Rg3) 14... dxc3 $19 15. bxc3 Qd5 16. Rh3 Bc5 ({Black should try} 16... Be7 $19 {aiming for ...h6.} 17. fxe5 h6) 17. fxe5 $2 (17. h5 $15 Nxg4 18. hxg6 Bf2+ 19. Ke2) 17... O-O {( -> ...Bf2+)} 18. Rf3 (18. Nf3 {was forced.}) 18... Nd7 {Black is clearly winning.} 19. Be3 (19. Bg2 $142 Qxe5+ 20. Qe2) 19... Rxf3 20. Bxc5 Qxe5+ {[%mdl 64] [#] Double Attack} 21. Be2 Qxc3+ {Accuracy: White = 50%, Black = 83%.} 0-1